Beteo - HOODIE - Statystyki

Ogólne statystyki
  • Ten quiz został rozwiązany 95 razy
  • Średni wynik to 8 z 12
Statystyki odpowiedzi
Numer Gość Piosenka % Poprawnych
12 HOODIE
100%
11 Bedoes NOWE AUTA
85%
6 Białas GŁUPIO WYSZŁO
77%
8 JUICE
72%
4 Żabson MONEY TALK
71%
3 WIDOK BLOCK
71%
7 POR FAVOR
68%
1 JEGOMOŚĆ
67%
2 LAY LOW
62%
9 BENZO
56%
10 PIĘĆ KOŁA
55%
5 CO ROZK*RWIA GŁOWĘ
50%
Nie znaleziono quizów pasujących do podanych kryteriów
Rozkład punktacji
Procent ludzi z każdym wynikiem
Percentyl według liczby udzielonych odpowiedzi
Twoja historia wyników
Nie rozwiązałeś tego quizu